000 00980cam a2200241 a 4500
001 vtls003113183
003 MY-SjTCS
005 20200306164912.0
008 080610r20071980nyu 000 1 eng d
020 _a9780451223296 (pbk.)
039 9 _a201712291727
_bVLOAD
_c201106271153
_dpushpa
_c200807080920
_dIrma
_c200806300836
_dpushpa
_y200806101147
_zradtha
082 0 4 _a813.54
_bKIN 2007
100 1 _aKing, Stephen,
_d1947-
_9256237
245 1 4 _aThe mist /
_cStephen King.
260 _aNew York :
_bSignet Book,
_cc1980
_g(2007 printing)
300 _a230 p. ;
_c18 cm.
500 _a"Previously published in Skeleton Crew."
520 _aA group of neighbors trapped in a grocery store by a supernatural mist--which may have been unintentionally unleashed by a nearby military base--must fight the horrific monsters that live within it.
650 0 _aMonsters
_vFiction.
_922438
650 0 _aParanormal fiction
_917743
920 _aGENSH : 107978
921 _aSHT : 666695
999 _c51509